Sports Quiz

Random Sports or Board Games Quiz

Big Ten Trophy Games Quiz Stats

 Plays Quiz not verified by Sporcle

Score 0/12 Timer 05:00
0 Plays Today
Teams Trophy % Correct
Michigan-Michigan StatePaul Bunyan
83.3%
Michigan-MinnesotaLittle Brown Jug
68.2%
Minnesota-WisconsinPaul Bunyan's Axe
65.2%
Indiana-PurdueOld Oaken Bucket
54.5%
Michigan State-Penn StateLand Grant
54.5%
Iowa-MinnesotaFloyd of Rosedale
51.5%
Illinois-Ohio StateIllibuck
50%
Iowa-WisconsinHeartland
39.4%
Illinois-NorthwesternLand of Lincoln
37.9%
Illinois-PurduePurdue Cannon
25.8%
Indiana-Michigan StateOld Brass Spittoon
24.2%
Minnesota-Penn StateGovernor's Victory Bell
18.2%

You're not logged in!

Compare scores with friends on all Sporcle quizzes.
OR
Log In

Show Comments

Extras

Top Quizzes Today


Score Distribution

Your Account Isn't Verified!

In order to create a playlist on Sporcle, you need to verify the email address you used during registration. Go to your Sporcle Settings to finish the process.

Report this User

Report this user for behavior that violates our Community Guidelines.

Details: